[Event "AUTO-OPEN-493"]
[Site "http://www.queenalice.com/game.php?id=145937"]
[Date "2006.12.24"]
[Round "1"]
[White "douglasmy"]
[Black "nunoalmeida"]
[Result "1-0"]
[WhiteElo "1795"]
[BlackElo "1422"]

1. d4 d6 2. e4 Nc6 3. Bb5 Nf6 4. Bxc6+ bxc6 5. Nc3 e6 6. Bg5 h6 7. Bh4 Be7 8.
Nf3 d5 9. Bxf6 Bxf6 10. e5 Be7 11. O-O Ba6 12. Re1 O-O 13. a3 Rb8 14. b4 c5 15.
dxc5 Bc4 16. Nd4 Bg5 17. Nc6 Qc8 18. Nxb8 Qxb8 19. Rb1 1-0

[Event "AUTO-OPEN-493"]
[Site "http://www.queenalice.com/game.php?id=145938"]
[Date "2006.12.24"]
[Round "1"]
[White "nunoalmeida"]
[Black "douglasmy"]
[Result "0-1"]
[WhiteElo "1424"]
[BlackElo "1793"]

1. e4 e6 2. Nf3 Bc5 3. Nc3 Ne7 4. d4 Bb6 5. Ne5 d6 6. Ng4 O-O 7. Bc4 c5 8. d5
exd5 9. exd5 Bxg4 10. Qxg4 Ng6 11. O-O Nd7 12. Bg5 Nf6 13. Qf5 Re8 14. Bb5 Re5
15. Bxf6 Rxf5 16. Bxd8 Rxd8 17. Rae1 Nf4 18. Re4 Nxd5 0-1

[Event "Challenge"]
[Site "http://www.queenalice.com/game.php?id=146034"]
[Date "2006.12.24"]
[Round "-"]
[White "nunoalmeida"]
[Black "sshspooky"]
[Result "0-1"]
[WhiteElo "1421"]
[BlackElo "1544"]

1. e4 e6 2. d3 Qf6 3. Nh3 Nh6 4. Bg5 Qxb2 5. Nd2 Ng4 6. f3 h6 7. Nc4 Qc3+ 8. Bd2
Qd4 9. fxg4 d5 10. Be3 Bb4+ 11. Ke2 Qf6 12. a3 Bc3 13. Rb1 dxc4 14. dxc4 Nc6 15.
Qd3 h5 16. Rb3 Nd4+ 17. Bxd4 Bxd4 18. Qf3 Qe5 19. Kd3 Bd7 20. Rxb7 Bc5 21. Kd2
Bc6 22. Rb3 a5 23. Bd3 a4 24. Rbb1 Bxa3 25. Rhf1 Qxh2 26. Qxf7+ Kd8 27. Rg1 hxg4
28. Qxg7 Rh4 29. Qg5+ Be7 30. Qg8+ Kd7 31. Qg6 Rxh3 32. c5 Qf4+ 33. Kc3 Bf6+ 34.
Kc4 Rh6 35. Qf7+ Kc8 36. Rgf1 Bd5+ 37. Kb5 c6+ 38. Kb6 Qb8+ 0-1

[Event "Challenge"]
[Site "http://www.queenalice.com/game.php?id=146297"]
[Date "2006.12.25"]
[Round "-"]
[White "nunoalmeida"]
[Black "hugo10"]
[Result "0-1"]
[WhiteElo "1426"]
[BlackElo "1389"]

1. e4 e5 2. Bc4 Nf6 3. Nc3 Bc5 4. Nf3 Ng4 5. d4 exd4 6. Nxd4 Qf6 7. Be3 a6 8.
Nd5 Qd6 9. Qxg4 c6 10. Nf5 Qf8 11. Nc7+ Kd8 12. Nxa8 Bb4+ 13. c3 Ba5 14. Bg5+ f6
15. Bh4 d6 0-1

[Event "Challenge"]
[Site "http://www.queenalice.com/game.php?id=149864"]
[Date "2007.1.4"]
[Round "-"]
[White "technicaldraw"]
[Black "nunoalmeida"]
[Result "1-0"]
[WhiteElo "1836"]
[BlackElo "1393"]

1. e4 e5 2. Nf3 Nc6 3. Bb5 a6 4. Ba4 Nf6 5. O-O Bb4 6. c3 Bc5 7. d3 Ng4 8. h3
Nxf2 9. Rxf2 O-O 10. d4 Bd6 11. Be3 b5 12. Bb3 exd4 13. cxd4 Bg3 14. Rf1 Nb4 15.
Ng5 h6 16. Nxf7 Qe7 17. Qh5 d5 18. Nd2 dxe4 19. Nxh6+ 1-0

[Event "Challenge"]
[Site "http://www.queenalice.com/game.php?id=150923"]
[Date "2007.1.6"]
[Round "-"]
[White "lolothebest"]
[Black "nunoalmeida"]
[Result "1-0"]
[WhiteElo "1473"]
[BlackElo "1391"]

1. e4 e5 2. Nf3 Nc6 3. a4 d6 4. Bc4 Bg4 5. Ba2 Qf6 6. h3 Bh5 7. g4 Bg6 8. g5 Qe6
9. Bxe6 fxe6 10. a5 Bxe4 11. h4 Nd4 12. Rh3 Nxc2+ 13. Kf1 Nxa1 14. Nc3 Bd3+ 15.
Kg1 Bc2 16. Qe1 O-O-O 17. b4 Ne7 18. Nb5 a6 19. Na3 e4 20. Bb2 Nb3 21. Nxc2 Nf5
22. Qxe4 d5 23. Qxe6+ 1-0

[Event "Challenge"]
[Site "http://www.queenalice.com/game.php?id=152052"]
[Date "2007.1.9"]
[Round "-"]
[White "Glapima"]
[Black "nunoalmeida"]
[Result "1-0"]
[WhiteElo "1619"]
[BlackElo "1399"]

1. e3 e5 2. Qf3 Nf6 3. g4 d6 4. Bc4 Be6 5. Bb5+ c6 6. Be2 Bxg4 7. Qg3 h5 8. Bf3
Na6 9. a4 Qa5 10. h3 Nb4 11. Na3 Qxa4 12. b3 Qa5 13. c3 Nd3+ 14. Kd1 Nxc1 15.
hxg4 Nxb3 16. Ra2 Nc5 17. gxh5 Qa4+ 18. Ke2 Qa6+ 19. c4 1-0

[Event "AUTO-INT-309"]
[Site "http://www.queenalice.com/game.php?id=153376"]
[Date "2007.1.12"]
[Round "1"]
[White "Morbid"]
[Black "nunoalmeida"]
[Result "1-0"]
[WhiteElo "1524"]
[BlackElo "1446"]

1. e4 e5 2. Nf3 d6 3. c3 Bd7 4. a4 Nc6 5. b4 Qf6 6. a5 a6 7. Be2 Qf4 8. d3 Qg4
9. Rg1 Nf6 10. h3 Qe6 11. g4 O-O-O 12. Ng5 Qe7 13. Qb3 1-0

[Event "AUTO-INT-309"]
[Site "http://www.queenalice.com/game.php?id=153377"]
[Date "2007.1.12"]
[Round "1"]
[White "nunoalmeida"]
[Black "Morbid"]
[Result "0-1"]
[WhiteElo "1433"]
[BlackElo "1537"]

1. e4 d6 2. Bb5+ Bd7 3. a4 Bxb5 4. axb5 Qd7 5. Nf3 Qxb5 6. Nc3 Qc6 7. O-O g6 8.
Qe2 e5 9. Ng5 h6 10. Nxf7 Kxf7 11. Qf3+ Ke8 12. Nd5 Nd7 13. d3 Ne7 0-1

[Event "AUTO-INT-309"]
[Site "http://www.queenalice.com/game.php?id=153388"]
[Date "2007.1.12"]
[Round "1"]
[White "javierqz"]
[Black "nunoalmeida"]
[Result "1-0"]
[WhiteElo "1799"]
[BlackElo "1416"]

1. e4 e5 2. Nc3 d6 3. f4 exf4 4. Nf3 Bg4 5. Bc4 Nh6 6. d4 Nc6 7. O-O Qf6 8. Nd5
Qd8 9. Bxf4 Qd7 10. Bg5 f6 11. Bxf6 Qe6 12. Nxc7+ Kf7 13. Nxe6 Kxf6 14. Ne5+ Ke7
15. Nxg4 Kd7 16. Nxh6 gxh6 17. Rf7+ Ne7 18. Qg4 Rg8 19. Nxf8+ Ke8 20. Qd7# 1-0

[Event "AUTO-INT-309"]
[Site "http://www.queenalice.com/game.php?id=153389"]
[Date "2007.1.12"]
[Round "1"]
[White "nunoalmeida"]
[Black "javierqz"]
[Result "0-1"]
[WhiteElo "1410"]
[BlackElo "1952"]

1. e4 d5 2. Bd3 e5 3. Nf3 Bg4 4. Qe2 Nc6 5. exd5 Bxf3 6. Qxf3 Nd4 7. Qe4 a6 8.
Qxe5+ Qe7 9. f4 Qxe5+ 10. fxe5 Ne7 11. Na3 Nxd5 12. b3 O-O-O 13. O-O Bc5 14. Kh1
f6 15. e6 Nxe6 16. c4 Ndf4 17. Bf5 Kb8 18. d3 Nxd3 19. Bxe6 Nxc1 20. Nc2 Nd3 0-1

[Event "AUTO-INT-309"]
[Site "http://www.queenalice.com/game.php?id=153394"]
[Date "2007.1.12"]
[Round "1"]
[White "acbrasileiro"]
[Black "nunoalmeida"]
[Result "1-0"]
[WhiteElo "1834"]
[BlackElo "1399"]

1. Nf3 e6 2. b3 Bb4 3. a3 Bc5 4. Bb2 f6 5. e3 Nh6 6. d4 Bb6 7. Bd3 Nc6 8. O-O d5
9. Nc3 O-O 10. Na4 Ba5 11. b4 Bxb4 12. axb4 Nxb4 13. Ba3 a5 14. c3 Qd6 15. cxb4
axb4 16. Bb2 c6 17. Qc2 Ng4 18. h3 Nh6 19. Bxh7+ 1-0

[Event "AUTO-INT-309"]
[Site "http://www.queenalice.com/game.php?id=153395"]
[Date "2007.1.12"]
[Round "1"]
[White "nunoalmeida"]
[Black "acbrasileiro"]
[Result "0-1"]
[WhiteElo "1393"]
[BlackElo "1836"]

1. e4 c5 2. Bc4 d6 3. Qh5 g6 4. Qg4 Bxg4 5. h3 Bd7 6. Nc3 Bg7 7. Nf3 Nc6 8. O-O
Ne5 9. Nxe5 Bxe5 10. Nb5 a6 11. Na3 e6 12. d3 b5 13. Bxe6 Bxe6 14. Re1 b4 15.
Nc4 Bxc4 16. dxc4 Qh4 17. Be3 Nf6 18. a3 bxa3 0-1

[Event "Challenge"]
[Site "http://www.queenalice.com/game.php?id=156806"]
[Date "2007.1.20"]
[Round "-"]
[White "nunoalmeida"]
[Black "schwam"]
[Result "0-1"]
[WhiteElo "1408"]
[BlackElo "1594"]

1. e4 e5 2. Nf3 Nc6 3. Bc4 h6 4. Nh4 Qxh4 5. O-O Bc5 6. Qe2 Nf6 7. g3 Qxe4 8.
Qxe4 Nxe4 9. Re1 Bxf2+ 10. Kf1 Bxe1 11. Kxe1 Nd6 12. Bd5 b6 13. Nc3 Ba6 14. d3
O-O-O 15. Be3 g5 16. Rd1 Nb4 17. Bb3 c6 18. Kf1 f5 19. a3 f4 20. gxf4 gxf4 0-1

[Event "Challenge"]
[Site "http://www.queenalice.com/game.php?id=157807"]
[Date "2007.1.22"]
[Round "-"]
[White "Amadeus"]
[Black "nunoalmeida"]
[Result "1-0"]
[WhiteElo "1747"]
[BlackElo "1345"]

1. e4 e6 2. Nc3 Nf6 3. d4 Bb4 4. Bd2 Nc6 5. Bg5 h6 6. Bh4 O-O 7. Nf3 d5 8. exd5
exd5 9. Qd3 Qe8+ 10. Be2 Ne4 11. O-O Bf5 12. Qe3 Qe6 13. a3 Ba5 14. Rad1 Bg4 15.
h3 Bxh3 16. gxh3 Qxh3 17. Nxd5 f5 18. Nf4 Qg4+ 19. Ng2 Rae8 20. Bc4+ Kh8 21. Be2
f4 22. Qd3 1-0

[Event "Challenge"]
[Site "http://www.queenalice.com/game.php?id=161535"]
[Date "2007.1.31"]
[Round "-"]
[White "nunoalmeida"]
[Black "hugo10"]
[Result "0-1"]
[WhiteElo "1462"]
[BlackElo "1450"]

1. e4 e5 2. Nf3 Nc6 3. Bc4 Bc5 4. d3 Nf6 5. O-O Nd4 6. Nxe5 Rf8 7. c3 d6 8. cxd4
Bxd4 9. Nf3 Ng4 10. Nxd4 Qh4 11. h3 Nf6 12. Nf5 Bxf5 13. exf5 a6 14. Qe1+ Kd8
15. Qe2 Re8 16. Qd1 g5 17. Bxf7 Re7 18. Bc4 g4 19. Re1 gxh3 20. gxh3 Rg7+ 21.
Kf1 Qxh3+ 22. Ke2 b5 23. Rh1 Qxf5 24. Bh6 Ng4 25. f3 Re7+ 26. Kd2 bxc4 27. Qf1
Ne5 28. f4 Nxd3 29. Qf3 Rb8 30. Nc3 Rxb2+ 31. Kd1 Nf2+ 32. Kc1 Qc2# 0-1

[Event "Challenge"]
[Site "http://www.queenalice.com/game.php?id=164019"]
[Date "2007.2.5"]
[Round "-"]
[White "claudiocaire"]
[Black "nunoalmeida"]
[Result "1-0"]
[WhiteElo "1476"]
[BlackElo "1439"]

1. e4 e6 2. Nh3 Nf6 3. e5 Nd5 4. d4 c6 5. Qf3 Be7 6. Qg3 h6 7. Qxg7 Rf8 8. Qxh6
Nb4 9. Na3 d5 10. Ng5 Qa5 11. c3 N4a6 12. Nh7 Nb4 13. Nxf8 Bxf8 14. Qg5 1-0